|
|
|
|
| LEADER |
00000nab a2200000 a 4500 |
| 001 |
vtls000045700 |
| 003 |
SK-MaSNL |
| 005 |
20260304054356.0 |
| 008 |
250422c1979 xo 0 slo |
| 015 |
|
|
|a SNBRB19rr/mm-uuuuu
|
| 035 |
|
|
|a CL0055795
|
| 035 |
|
|
|a urn:nbn:sk:snk-abdkbd
|
| 035 |
|
|
|a (urnnbn)urn:nbn:sk:snk:ar-00346u
|
| 035 |
|
|
|a (uuid)f0e4d55d-6dba-469a-996e-53aa00706826
|
| 040 |
|
|
|a SNKBUCL
|b slo
|c SNKBUCL
|e AACR2
|
| 041 |
0 |
|
|a slo
|
| 044 |
|
|
|a xo
|c SK
|
| 080 |
|
|
|a 638.1
|2 1981
|
| 100 |
1 |
|
|a Mačička, Michal,
|d 1931-
|4 aut
|9 189606
|
| 245 |
1 |
0 |
|a Požiadavky na stanovište včelstiev
|c Michal Mačička
|
| 300 |
|
|
|b Tb. 1.
|
| 650 |
0 |
7 |
|a včelstvá
|2 snkbucl
|9 16615
|
| 655 |
|
7 |
|a články z novín a časopisov
|2 snkbucl
|9 267496
|
| 773 |
0 |
|
|t Včelár
|g Roč. 53, č. 11 (1979), s. 248-249
|
| 850 |
|
|
|a Slovenská národná knižnica
|
| 852 |
|
|
|a Slovenská národná knižnica
|
| 954 |
|
|
|a odborná, vedecká literatúra pôvodná (slovenská)
|2 lita
|
| 958 |
|
|
|a article19
|
| 958 |
|
|
|a OND
|
| 958 |
|
|
|a RK
|
| 958 |
|
|
|a EUIPO
|
| 992 |
|
|
|a RBX
|
| 999 |
|
|
|c 2718421
|d 2720351
|